Serie A: 200+ Goal Contributions (2000-) - Statistics

General Stats
  • This quiz has been taken 57 times
  • The average score is 6 of 8
Answer Stats
Ranking Player Positions Nationality Matches Goals (assists) Periods Clubs % Correct
1 Francesco Totti MF, FW 446 207 (115) 2000-2017
96%
6 Zlatan Ibrahimović FW 283 156 (59) 2004-2008, 2010-2011, 2019-2023
96%
2 Antonio Di Natale FW 444 209 (64) 2002-2016
88%
3 Ciro Immobile FW 353 201 (46) 2008-2009, 2012-2013, 2015-2024
86%
4 Fabio Quagliarella FW 555 182 (49) 2001-2002, 2005-2023
86%
8 Domenico Berardi MF, FW 314 122 (78) 2013-2024
82%
7 Luca Toni FW 344 157 (47) 2000-2002, 2004-2006, 2009-2010, 2012-2016
60%
5 Alberto Gilardino FW 497 185 (34) 2000-2017
34%
No matching quizzes found
Score Distribution
Percent of People with Each Score
Percentile by Number Answered
Your Score History
You have not taken this quiz